Mikroekonómia /

Na minha lista:
Detalhes bibliográficos
Autor principal: Ivanová, Eva (Author)
Formato: Livro
Idioma:eslovaco
Publicado em: Trenčín Trenčianska univerzita 2004
Assuntos:
Tags: Adicionar Tag
Sem tags, seja o primeiro a adicionar uma tag!

MARC

LEADER 00000nam a22000003a 4500
001 0077101
003 SK-STU
005 20191031094631.6
007 ta
008 191031s ----xo-----e------000-0-----d
020 |a 80-8075-007-6 
040 |a STU  |b slo 
041 0 |a slo 
044 |a xo 
100 1 |a Ivanová, Eva  |4 aut 
245 1 0 |a Mikroekonómia /  |c aut. Eva Ivanová 
260 |a Trenčín  |b Trenčianska univerzita  |c 2004 
300 |a 275 s. 
650 0 7 |a mikroekonómia 
996 |b 284M088223  |c M* 13781-1  |l MMKN  |s A  |a 24  |w 0077101_0001